000 00365nam a2200157 4500
001 45727
090 _a45727
100 _a20260224 pory50
101 _apor
102 _aPT
200 _aAo serviço da verdade
_fMons. Avelino Gonçalves
210 _aLisboa
_cUnião Gráfica
_d[19--?]
215 _a77,[1] p.
675 _a070
801 _aPT
_gRPC
990 _cLIVROS